000 00479nam a2200181 i 4500
001 63543
003 ES-MaACL
005 20230906164913.0
007 t|
008 031211s1972 sp ||||1| spa d
100 1 _aFerres, Antonio,
_d1924-
_950559
245 1 0 _aOcho, siete, seis /
_cAntonio Ferres.
250 _a[1ยช ed.].
260 _aBarcelona :
_bBarral,
_c1972.
300 _a171 p. ;
_c20 cm.
852 _aES-MaACL
_jC-54283
_bR.83852
999 _c63543
_d63543